00486nam a22001817a 4500003000400000020001800004082001700022100002100039245002800060260003500088300001100123546001200134650004300146650003900189650002700228650002800255650002100283OSt a9788176223409 a630 bPRA/FA aDr Parveen kumar aFarm crisis the way out aNew DelhibBiotech booksc2016 axx,178 aEnglish aAgriculture: The culture misunderstood aMajor issues in indian agriculture aHte helpless 2000 plus aFighting climate change aOut box solution